|
|
|
|
| LEADER |
00870cam a2200253 7i4500 |
| 001 |
0000036296 |
| 005 |
20200602090000.0 |
| 007 |
##ta |
| 008 |
200213t20192019nyua b i100 0 eng |
| 020 |
# |
# |
|a 9789211129434
|
| 040 |
# |
# |
|a MATR
|
| 090 |
0 |
0 |
|a AFRI 338.47916
|b ECO
|
| 111 |
2 |
# |
|a United Nations Conference on Trade and Development
|
| 245 |
0 |
0 |
|a Economic Development in Africa Report 2019 :
|b Rules of origin for enhanced intra-African trade.
|
| 264 |
# |
4 |
|a ♭2019.
|
| 264 |
# |
1 |
|a New York:
|b United Nations Publication,
|c 2019.
|
| 300 |
# |
# |
|a xx, 217 pages:
|b maps;
|c 30 cm.
|
| 336 |
# |
# |
|a text
|2 rdacontent
|
| 337 |
# |
# |
|a unmediated
|2 rdamedia
|
| 338 |
# |
# |
|a volume
|2 rdacarrier
|
| 504 |
# |
# |
|a Includes bibliographical references
|
| 650 |
# |
0 |
|a Economic development --
|z Africa
|
| 650 |
# |
0 |
|a Trade regulation --
|z Africa
|
| 999 |
|
|
|a 0000040739
|b Book
|c Regions
|e Business Information Centre
|